000 00446nam a2200169Ia 4500
003 GCL
008 140319s9999 xx 000 0 eng d
040 _aGCL /
_cGCL
082 0 4 _a100.01
_bG P
100 1 _aGRAYLING, A.C
245 1 0 _aPHILOSOPHY: A GUIDE THROUGH THE SUBJECT /
_cGRAYLING, A.C
260 _a[S.N] :
_bOXFORD UNIVERSITY PRESS ،
_c1995
650 0 4 _aPHILOSOPHY
650 0 4 _aEPIDEMIOLOGY
650 0 4 _aLOGIC
942 _2ddc
_cBK
999 _c10207
_d10207